Real estate perspectives : (Record no. 5572)

MARC details
000 -LEADER
fixed length control field 00905cam a22002652 4500
001 - CONTROL NUMBER
control field 0000001994
005 - DATE AND TIME OF LATEST TRANSACTION
control field 20151217151836.0
008 - FIXED-LENGTH DATA ELEMENTS--GENERAL INFORMATION
fixed length control field 070330s xx 000 0 eng d
020 ## - INTERNATIONAL STANDARD BOOK NUMBER
International Standard Book Number 0256079145 :
Terms of availability KES 500 (donation)
040 ## - CATALOGING SOURCE
Original cataloging agency KABU
Transcribing agency KABU
050 #0 - LIBRARY OF CONGRESS CALL NUMBER
Classification number HD1375
Item number .S65 1992
100 1# - MAIN ENTRY--PERSONAL NAME
Personal name Smith, Halbert C.
-- 0000151140
245 10 - TITLE STATEMENT
Title Real estate perspectives :
Remainder of title an introduction to real estate /
Statement of responsibility, etc. Halbert C. Smith, John B. Corgel.
250 ## - EDITION STATEMENT
Edition statement 2nd ed.
260 ## - PUBLICATION, DISTRIBUTION, ETC. (IMPRINT)
Place of publication, distribution, etc. Homewood, IL :
Name of publisher, distributor, etc. Irwin,
Date of publication, distribution, etc. 1992.
300 ## - PHYSICAL DESCRIPTION
Extent xvii, 747 p. ;
Dimensions 24 cm.
650 #0 - SUBJECT ADDED ENTRY--TOPICAL TERM
Topical term or geographic name as entry element Real estate business.
-- 0000151141
650 #0 - SUBJECT ADDED ENTRY--TOPICAL TERM
Topical term or geographic name as entry element Real property.
-- 0000151142
700 1# - ADDED ENTRY--PERSONAL NAME
Personal name Corgel, John B.
-- 0000151143
908 ## - PUT COMMAND PARAMETER (RLIN)
Put command parameter 070330
950 ## - LOCAL HOLDINGS (RLIN)
-- 1
Holdings
Withdrawn status Lost status Source of classification or shelving scheme Not for loan Home library Current library Date acquired Total Checkouts Total Renewals Full call number Barcode Date last seen Date last checked out Price effective from Koha item type
    Library of Congress Classification   Kabarak, Main Campus Kabarak, Main Campus 17/12/2015 1 1 HD1375 .S65 1992 001394 02/08/2024 25/01/2023 17/12/2015 General Collection
    Library of Congress Classification   Kabarak, Main Campus Kabarak, Main Campus 17/12/2015 1   HD1375 .S65 1992 c.2 001395 02/08/2024 15/07/2016 17/12/2015 General Collection
    Library of Congress Classification   Kabarak, Main Campus Kabarak, Main Campus 17/12/2015 4   HD1375 .S65 1992 C.3 001396 02/08/2024 06/02/2018 17/12/2015 General Collection
Designed with assistance from East African Informatics Ltd